000 00907nam a2200277 a 4500
001 53528
003 BD-RjUL
005 20211209075957.0
008 161017s1974 ne a bs 001 0 eng
020 _a0444105816 (Elsevier)
020 _a0720485010 (North-Holand)
020 _a0720485002 (Series)
035 _a(BD-RjUL)53649
040 _aDLC
_cDLC
_dBD-RjUL
_beng
041 _aeng
082 0 0 _a382.1
_223
_bILL 1974
245 1 0 _aIllegal transactions in international trade :
_btheory and measurement /
_cedited by Jagdish N. Bhagwati.
260 _aNew York :
_bAmerican Elsevier,
_c1974.
300 _ax, 208 p. :
_bill. ;
_c25 cm.
490 0 _aStudies in international economics ;
_vv. 1
504 _aIncludes bibliographies and index.
650 0 _aInternational trade.
_9159998
650 0 _aCommercial statistics.
_9159999
700 _aBhagwati, Jagdish N.
_9124415
942 _2ddc
_cBK
999 _c53528
_d53528